[Event "FSV-ch 2010"]
[Site "Dortmund"]
[Date "2010.05.11"]
[Round "4.4"]
[White "Kropp, Andreas J"]
[Black "Borjini, Faouzi"]
[Result "0-1"]
[WhiteElo "1936"]
[BlackElo "1915"]
[PlyCount "96"]
[EventDate "2010.??.??"]

1. e4 c5 2. Nf3 d6 3. d4 cxd4 4. Nxd4 Nf6 5. Nc3 a6 6. Bg5 e6 7. f4 Qb6 8. Qd2
Qxb2 9. Rb1 Qa3 10. f5 Be7 11. fxe6 fxe6 12. Bc4 d5 13. exd5 exd5 14. Bxf6 dxc4
15. Bxg7 Rg8 16. Be5 Bg5 17. Bf4 Bxf4 18. Qe2+ Kd8 19. O-O Re8 20. Qd1 Be3+ 21.
Kh1 Bd7 22. Rxb7 Kc8 23. Qf3 Rf8 24. Rxb8+ Rxb8 25. Qxf8+ Qxf8 26. Rxf8+ Kb7
27. Rxb8+ Kxb8 28. Nce2 c3 29. g3 Bh3 30. Nf3 Bd2 31. Kg1 Be6 32. a3 Bf5 33.
Ned4 Be4 34. Kf2 Bc1 35. a4 Kc7 36. a5 Kd6 37. Nb3 Bh6 38. Nfd4 Kd5 39. g4 Kc4
40. Ke2 Bxc2 41. Nxc2 Kxb3 42. Kd3 Bf4 43. h4 Bc7 44. g5 Bxa5 45. h5 Bd8 46.
Nd4+ Kb2 47. g6 hxg6 48. hxg6 Bf6 0-1

[Event "FSV-ch 2010"]
[Site "Dortmund"]
[Date "2010.05.06"]
[Round "4.5"]
[White "Jost, Udo"]
[Black "Rzoczek, Christoph"]
[Result "1-0"]
[WhiteElo "1762"]
[BlackElo "1498"]
[PlyCount "127"]
[EventDate "2010.??.??"]

1. e4 d5 2. exd5 Qxd5 3. Nc3 Qd6 4. Nb5 Qd8 5. d4 c6 6. Nc3 Bf5 7. Bc4 e6 8. a3
Nd7 9. Nge2 Ngf6 10. Ng3 Bg6 11. h4 h6 12. h5 Bh7 13. Bb3 Qc7 14. Qe2 Nb6 15.
Rh4 Bd6 16. Nge4 Bxe4 17. Nxe4 Nxe4 18. Rxe4 O-O-O 19. Bd2 Kb8 20. Ba5 c5 21.
d5 e5 22. g4 Qd7 23. c4 f5 24. gxf5 Qxf5 25. O-O-O Rdf8 26. Rg1 Qf3 27. Bd1
Qxe2 28. Bxe2 Rxf2 29. Rxg7 Rf4 30. Rxf4 exf4 31. Rg6 f3 32. Bf1 Bf4+ 33. Bd2
Rf8 34. b3 Nd7 35. Bxf4+ Rxf4 36. Rxh6 Rh4 37. Kd2 Ne5 38. Rh8+ Kc7 39. Rh7+
Kd6 40. Rxb7 Rh1 41. Ke1 Rxh5 42. Rxa7 Ng4 43. b4 Re5+ (43... Rh1 $1) 44. Kd2
Ne3 45. Ra6+ Kc7 46. Bd3 f2 47. Rf6 Nf5 48. b5 (48. bxc5) 48... Nd4 49. Rxf2
Nb3+ 50. Kc3 Nd4 51. a4 Re1 52. a5 Ra1 53. a6 Ra3+ 54. Kd2 Ra2+ 55. Ke3 Ra1 56.
Rf6 Re1+ 57. Kf4 Rd1 58. b6+ Kd7 59. Bf5+ Ke7 60. Re6+ Kf7 61. Ke5 Re1+ 62. Be4
Nf3+ 63. Kd6 Ng5 64. Bg6+ 1-0

[Event "FSV-ch 2010"]
[Site "Dortmund"]
[Date "2010.05.06"]
[Round "4.6"]
[White "Volmer, Martin"]
[Black "Zelt, Jens"]
[Result "0-1"]
[WhiteElo "1645"]
[BlackElo "2012"]
[PlyCount "64"]
[EventDate "2010.??.??"]

1. d4 d6 2. c4 Nd7 3. Nc3 c5 4. Nf3 g6 5. g3 Bg7 6. Bg2 Ngf6 7. e4 O-O 8. O-O
Nb6 9. dxc5 dxc5 10. Qe2 Bg4 11. Rd1 Qc8 12. Nd5 Re8 13. Rb1 Nbxd5 14. cxd5
Nxe4 15. Be3 b6 16. Rbc1 Qf5 17. h3 Bxf3 18. Bxf3 Nd6 19. Bg4 Qf6 20. b3 Rad8
21. h4 h6 22. Qa6 Ne4 23. a4 Nc3 24. Rd3 Nxd5 25. Qxa7 e6 26. Bd2 Re7 27. Qa6
Red7 28. Rd1 Nc7 29. Bc3 Rxd3 30. Qxd3 Rxd3 31. Bxf6 Rxd1+ 32. Bxd1 Bxf6 0-1

[Event "FSV-ch 2010"]
[Site "Dortmund"]
[Date "2010.05.06"]
[Round "4.7"]
[White "Völler, Lothar"]
[Black "Hillebrand, Carsten"]
[Result "1/2-1/2"]
[WhiteElo "1500"]
[BlackElo "1877"]
[PlyCount "142"]
[EventDate "2010.??.??"]

1. e4 c5 2. d4 cxd4 3. c3 Nf6 4. e5 Nd5 5. Qxd4 e6 6. Nf3 Nc6 7. Qe4 d6 8. Bc4
Nb6 9. exd6 Nxc4 10. Qxc4 Qxd6 11. O-O Qc5 12. Nbd2 Qxc4 13. Nxc4 b6 14. Bf4
Ba6 15. Nfd2 O-O-O 16. Rfd1 e5 17. Be3 Be7 18. a4 Rd7 19. b3 Rd3 20. Rdc1 f5
21. Nb2 Rd7 22. Ndc4 Kc7 23. g3 g5 24. b4 Bxc4 25. Nxc4 Bf6 26. b5 Ne7 27. a5
Nc8 28. axb6+ axb6 29. Ra6 f4 30. Bxb6+ Nxb6 31. Rxb6 Bg7 32. Rc6+ Kd8 33. Rd6
Rxd6 34. Nxd6 Kc7 35. Nf5 Bf6 36. c4 Rd8 37. c5 Rd5 38. Nd6 Be7 39. b6+ Kc6 40.
b7 Bxd6 41. cxd6+ Kxb7 42. Rc7+ Kb6 43. gxf4 exf4 44. Rxh7 Rxd6 45. Kg2 Kc5 46.
h3 Kd4 47. Rh5 Rg6 48. Kf3 Ke5 49. Rh8 Kf5 50. Rf8+ Ke6 51. Kg4 Rh6 52. Kxg5
Rxh3 53. Rxf4 Rh2 54. Kg4 Rg2+ 55. Kf3 Rg5 56. Ra4 Rf5+ 57. Rf4 Rg5 58. Rf8 Ke7
59. Ra8 Rb5 60. Kg4 Rb6 61. f4 Kf6 62. Ra5 Rc6 63. Rf5+ Kg6 64. Rg5+ Kf6 65.
Rh5 Rc4 66. Rh6+ Kg7 67. Ra6 Rc5 68. f5 Rc1 69. Ra3 Kf6 70. Ra6+ Kg7 71. Ra3
Rg1+ {und die Partie wurde nach einigen nicht mehr korrekt notierten Zuegen
remis gegeben ...} 1/2-1/2

[Event "FSV-ch 2010"]
[Site "Dortmund"]
[Date "2010.05.06"]
[Round "4.8"]
[White "Stukemeier, Ralf"]
[Black "Krüger, Georg"]
[Result "1/2-1/2"]
[WhiteElo "1756"]
[BlackElo "1649"]
[PlyCount "104"]
[EventDate "2010.??.??"]

1. e4 c5 2. Nf3 e6 3. d4 cxd4 4. Nxd4 a6 5. c4 Nf6 6. Nc3 Bb4 7. Bd3 Nc6 8.
Nxc6 dxc6 9. O-O e5 10. Kh1 O-O 11. f4 Re8 12. f5 b5 13. Qe2 Bb7 14. Bg5 h6 15.
Bh4 Be7 16. Rad1 b4 17. Na4 Qc7 18. c5 Qa5 19. b3 Bxc5 20. Bxf6 gxf6 {
Weiss steht wegen der schutzlosen schwarzen Koenigsburg klar auf Gewinn, doch
waehlt er das ungeeignetste Mittel fuer einen Angriff: Er tauscht nunhaengende,
den Gegner zu deren Schutz verpflichtende Figuren ...} 21. Nxc5 $2 (21. Bc4 $1
$18 {und die schwarze Dame waere an ihren Laeufer auf c5 gebunden, waehrend}
21... Bf8 {sofort an} 22. Rd7 Re7 23. Qg4+ {scheitert, z.B.} 23... Kh8 24. Bxf7
Rxf7 25. Rxf7 {usw.}) 21... Qxc5 22. Qh5 Qf8 {(=)} 23. Bc4 Red8 24. Qh4 Qg7 25.
Bd3 c5 ({Logischer erschien} 25... Qg5 {wonach Schwarz seinen Einfluss auf die
schwachen schwarzen Felder des Gegners erhoeht - und zwar unabhaengig davon,
ob Weiss dem Damentausch ausweicht oder nicht, z.B.} 26. Qf2 ({Nach} 26. Qxg5+
{entsteht eine Lehrbuchstellung zum Thema "Schlechter Laeufer" ...} 26... hxg5
$1 {Es gibt keinen Grund, den Doppelbauern aufzuloesen.} ({
Die vermeintlich gesunde Bauernstruktur, die nach} 26... fxg5 {
entsteht, bietet weniger Widerstand gegen feindliches Gegenspiel, z.B.} 27. Bc4
Rd4 28. Rxd4 exd4 29. e5 {usw.}) 27. Bc4 Rd4 28. Rxd4 exd4 {
Nun verfuegt Schwarz ueber das freie Feld e5 fuer seine Figuren.} 29. Kg1 c5
30. Bd3 Re8 31. Rc1 Re5 32. Kf2 Kf8 33. g4 Ke7 34. Kf3 Kd6 35. Rh1 Re8 36. h4
gxh4 37. Rxh4 Ke5 {Besser kann ein Koenig nicht stehen!} 38. Rh7 Rf8 {
Das sieht bescheiden aus, doch die schwarzen Damenfluegelbauern werden den
eingedrungenen Turm bald zu Umkehr zwingen ...} 39. Rh2 (39. Rg7 a5 40. Rh7 Bc6
41. Rg7 a4 42. Rh7 (42. bxa4 Bxa4 43. Rh7 Bd1+ 44. Kg3 b3 45. Rh2 Ra8 46. axb3
Bxb3 {mit leichtem Sieg fuer Schwarz}) 42... a3 43. Rg7 c4 44. Bxc4 (44. bxc4
b3 $1) 44... Bxe4+ 45. Ke2 Rh8 46. Rxf7 Rh2+ 47. Ke1 Rxa2 $19) 39... a5 40. Rc2
Rc8 41. Rc1 c4 42. bxc4 (42. Rxc4 Rxc4 43. bxc4 a4 44. Bb1 a3 45. Bc2 d3 46.
Bb3 (46. Bxd3 b3 47. Bb1 Bxe4+) 46... Kd4 47. Kf2 Bxe4 $19) 42... Rh8 43. Kg3
Ba6 44. Rb1 Rc8 45. Rc1 a4 46. Kf3 Rh8 47. Rb1 (47. Kg3 Rb8 $19) 47... Rh3+ 48.
Ke2 Rh2+ 49. Kf3 (49. Kd1 Rh1+ 50. Kc2 Rxb1 51. Kxb1 Kf4 $19) 49... Rd2 50. Bf1
b3 51. axb3 Bb7 52. Ra1 Bxe4+ 53. Kg3 axb3 54. Ra5+ Kd6 {und Schwarz gewinnt.})
26... Rd4 {usw.}) 26. Rf3 Kh7 27. Rg3 Qh8 28. Qh5 Qf8 29. Rf1 Rd7 30. Qh4 Rad8
31. Rff3 Rd4 32. h3 R8d6 33. Re3 a5 34. Bc4 Ba6 (34... a4 $1) 35. Bd5 $4 R6xd5
$1 36. Qxf6 Rd6 37. Qxe5 f6 38. Qf4 Bb5 39. Rg4 Rd1+ 40. Kh2 R6d3 41. Qc7+ Bd7
42. Reg3 Rxg3 43. Rxg3 h5 44. h4 Qc8 $2 (44... Rd4) 45. Qb6 Qf8 46. Qxa5 Bc8
47. Qc7+ Rd7 48. Qf4 Qd6 49. Qf3 Kh6 50. Qe3+ Kh7 51. Qf3 Kh6 (51... Qd1 52.
Qf4) 52. Qe3+ Kh7 1/2-1/2

[Event "FSV-ch 2010"]
[Site "Dortmund"]
[Date "2010.05.06"]
[Round "4.9"]
[White "Gerke, Dieter"]
[Black "Sonntag, Joachim"]
[Result "0-1"]
[WhiteElo "1503"]
[BlackElo "1745"]
[PlyCount "28"]
[EventDate "2010.??.??"]

1. d4 d5 2. c4 c6 3. Nc3 Nf6 4. Nf3 e6 5. Bg5 Be7 6. e3 Nbd7 7. Bd3 dxc4 8.
Bxc4 b5 9. Bd3 a6 10. Rc1 c5 11. dxc5 Nxc5 12. Bb1 Qxd1+ 13. Rxd1 Bb7 14. Ke2
b4 0-1

[Event "FSV-ch 2010"]
[Site "Dortmund"]
[Date "2010.05.06"]
[Round "4.10"]
[White "Raskin, Vitali"]
[Black "Reinacher, Detlev"]
[Result "1-0"]
[WhiteElo "1738"]
[BlackElo "1502"]
[PlyCount "47"]
[EventDate "2010.??.??"]

1. e4 d6 2. d4 g6 3. Nf3 Bg7 4. Bd3 c6 5. O-O Nf6 6. Bg5 Nbd7 7. Re1 e5 8. dxe5
dxe5 9. Nbd2 O-O 10. Nc4 Qc7 11. b4 c5 12. b5 b6 13. Qd2 a6 14. a4 axb5 15.
axb5 Bb7 16. Rxa8 Rxa8 17. Bh6 Bh8 18. Qg5 Nxe4 19. Bxe4 Bxe4 20. Rxe4 Ra1+ 21.
Re1 Rxe1+ 22. Nxe1 f6 23. Qd2 g5 24. Qd5# 1-0

[Event "FSV-ch 2010"]
[Site "Dortmund"]
[Date "2010.05.06"]
[Round "4.11"]
[White "Raszelenberg, Patrick"]
[Black "Haufe, Sven"]
[Result "1-0"]
[WhiteElo "1733"]
[BlackElo "1421"]
[PlyCount "75"]
[EventDate "2010.??.??"]

1. e4 c5 2. Nf3 d6 3. d4 cxd4 4. Nxd4 Nf6 5. Nc3 a6 6. Be3 e5 7. Nb3 Be6 8. f3
Be7 9. Qd2 b5 10. g4 Nbd7 11. g5 Nh5 12. O-O-O Nb6 13. Kb1 Nc4 14. Bxc4 bxc4
15. Nc1 O-O 16. N1e2 a5 17. Ng3 Nf4 18. h4 a4 19. Nf5 Bxf5 20. exf5 Re8 (20...
a3 21. f6 gxf6 22. Bxf4 exf4 (22... Qb6 23. b3 cxb3 24. cxb3 exf4 25. Nd5 $18)
23. Qxf4 axb2 (23... f5 $5) 24. gxf6 Bxf6 25. Rxd6 Qxd6 26. Qxd6 Bxc3 27. h5
Rfc8 {mit Vorteil fuer Weiss} (27... Rxa2 $4 28. Rg1+ {nebst Matt:} (28. Kxa2
$4 Ra8+ 29. Qa3 Rxa3+ 30. Kxa3) 28... Bg7 29. Rxg7+ Kxg7 30. h6+ Kg8 31. Qg3+
Kh8 32. Qg7#)) 21. Bxf4 exf4 22. Nd5 (22. f6) 22... a3 23. f6 Bf8 24. Rhe1 Rxe1
25. Rxe1 axb2 26. Kxb2 Qb8+ 27. Ka1 Qa7 28. c3 g6 29. h5 Qa5 30. hxg6 fxg6 (
30... hxg6 31. Rh1 $18) 31. Rh1 (31. Re4 $1) 31... Ra7 {(=)} 32. Re1 Ra8 33.
Ne7+ (33. Re4 $1) 33... Kf7 (33... Bxe7 34. fxe7 Re8 35. Qd4 Qxg5) 34. Rh1 Bxe7
35. Rxh7+ Kg8 (35... Kf8) 36. Rxe7 (36. Rg7+ Kf8 37. Rxe7) 36... Qxg5 37. Rg7+
Kf8 (37... Kh8 38. Qh2+ Qh5 39. Qxh5+ gxh5 40. Rg5 {und das Turmendspiel
sollte nicht zu halten sein; zu viele schwarze Bauern sind schwach.}) 38. Qxd6+
1-0

[Event "FSV-ch 2010"]
[Site "Dortmund"]
[Date "2010.05.06"]
[Round "4.12"]
[White "Campana, Rafael"]
[Black "Wickenfeld, Udo"]
[Result "1-0"]
[WhiteElo "1663"]
[BlackElo "1232"]
[PlyCount "111"]
[EventDate "2010.??.??"]

1. e4 c5 2. Nf3 d6 3. d4 cxd4 4. Nxd4 Nf6 5. Nc3 a6 6. Be2 e5 7. Nb3 Be7 8. Be3
Nbd7 9. Qd2 Qc7 10. a4 b6 11. O-O Bb7 12. f3 Rc8 13. Rac1 O-O 14. Rfd1 Rfd8 15.
Qe1 Nc5 16. Qf2 Qb8 17. Bc4 Qa8 18. Rd2 d5 19. exd5 Nxd5 20. Nxd5 Bxd5 21. Bxd5
Rxd5 22. Nxc5 Rxd2 23. Qxd2 bxc5 24. c4 Rd8 25. Qc2 Rd7 26. h3 Qd8 27. Re1 Bh4
28. Rc1 Bg5 29. Re1 Bxe3+ 30. Rxe3 Rd2 31. Qe4 f6 32. Rb3 Qd4+ 33. Qxd4 Rxd4
34. Rb8+ Kf7 35. Rb7+ Kg6 36. b3 Rd3 37. Kf2 Rc3 38. Rb6 Rc2+ 39. Ke3 Rxg2 40.
Rxa6 Rb2 41. Rb6 Kg5 42. a5 Kf5 43. a6 Ra2 44. h4 Kg6 45. Ke4 Ra5 46. Kd5 Kf5
47. Kc6 Kf4 48. Kb7 Kxf3 49. a7 Rxa7+ 50. Kxa7 e4 51. b4 e3 52. bxc5 e2 53. Re6
Kf2 54. c6 e1=Q 55. Rxe1 Kxe1 56. c7 1-0

[Event "FSV-ch 2010"]
[Site "Dortmund"]
[Date "2010.05.06"]
[Round "4.13"]
[White "Milonas, Georgios"]
[Black "Weischer, Wolfgang"]
[Result "1/2-1/2"]
[WhiteElo "1449"]
[BlackElo "1606"]
[PlyCount "30"]
[EventDate "2010.??.??"]

1. e4 c5 2. Nf3 Nc6 3. d4 cxd4 4. Nxd4 e5 5. Nb3 Nf6 6. Bd3 d5 7. exd5 Qxd5 8.
O-O Bg4 9. f3 Bh5 10. Nc3 Qd7 11. Be3 Nd5 12. Nxd5 Qxd5 13. a3 Rd8 14. Qe1 Be7
15. Rd1 b6 1/2-1/2

[Event "FSV-ch 2010"]
[Site "Dortmund"]
[Date "2010.05.06"]
[Round "4.14"]
[White "Behler, Nils"]
[Black "Tautz, Eugen"]
[Result "1-0"]
[WhiteElo "1779"]
[BlackElo "1397"]
[PlyCount "81"]
[EventDate "2010.??.??"]

1. e4 c5 2. d4 cxd4 3. Nf3 Nc6 4. Nxd4 e6 5. Nc3 a6 6. Be3 Nf6 7. Bd3 Ne5 8.
Be2 Bb4 9. Bg5 h6 10. Bh4 Ng6 11. Bxf6 Qxf6 12. O-O O-O 13. Kh1 Bc5 14. Nf3 Rd8
15. e5 Qe7 16. Ne4 d5 17. Nxc5 Qxc5 18. c3 b5 19. Bd3 Nf8 20. a3 Bb7 21. Nd4
Qe7 22. f4 Nd7 23. Qg4 Nc5 24. Bc2 Ne4 25. Rae1 Rf8 26. Re3 f5 27. Qg6 Rae8 28.
Qh5 Qf7 29. Qh4 Qe7 30. Qe1 Qf7 31. Rh3 Qg6 32. Bd1 Qh7 33. Qh4 Nd2 34. Rf2 Ne4
35. Rff3 Rf7 36. Re3 g6 37. Kg1 Kg7 38. Nf3 Rh8 39. Qe1 Kf8 40. Qh4 Qg7 41.
Qd8# 1-0

[Event "FSV-ch 2010"]
[Site "Dortmund"]
[Date "2010.05.06"]
[Round "4.15"]
[White "Bommert, Christian"]
[Black "Raabe, Hans-Ulrich"]
[Result "1-0"]
[WhiteElo "1687"]
[BlackElo "1394"]
[PlyCount "91"]
[EventDate "2010.??.??"]

1. f4 d5 2. Nf3 Nf6 3. g3 Nc6 4. Bg2 Bf5 5. O-O e6 6. d3 Bc5+ 7. Kh1 h6 8. c3
Ng4 9. d4 Bd6 10. h3 Nf6 11. Qe1 Ne4 12. Nbd2 Qe7 13. Nh4 Nf6 14. e4 $2 Bxe4 $2
(14... dxe4 $1 15. Nxe4 Nxe4 16. Bxe4 Bxh3) 15. Nxe4 Nxe4 16. Bxe4 dxe4 17.
Qxe4 O-O-O 18. Nf3 f6 19. Qg6 Kb8 20. Be3 Qd7 21. Kg2 Rde8 22. Rad1 Re7 23. b4
(23. c4 $1) 23... Qe8 24. Nh4 Rg8 25. b5 Na5 26. Qd3 {Die einzige Methode, um
das weisse Feld c4 zu kontrollieren. Doch der Rueckzug der Dame, die bislang
als Blockadefigur agierte, hat seine Schattenseiten ...} 26... g5 $1 {
Schwarz steht urploetzlich beinahe auf Gewinn; seine Figuren zielen optimal
gegen den weissen Koenig.} 27. fxg5 fxg5 $2 (27... hxg5 28. Nf3 g4 29. hxg4
Rxg4 30. Ne5 (30. Bf2 Reg7) 30... fxe5 31. dxe5 Nc4 32. exd6 Nxd6) 28. Nf3 g4
29. Ne5 gxh3+ 30. Kh2 Kc8 (30... Bxe5 31. dxe5 Reg7 32. Bf4 (32. Rf3 Rg4 33.
Bf4 h5) 32... h5) 31. Bf4 Bxe5 32. Bxe5 Qd7 33. c4 $1 c5 $4 34. Rf4 (34. Qa3 $1
$18 b6 35. dxc5 Qb7 36. c6 Nxc6 37. bxc6 Qxc6 38. Kxh3) 34... b6 35. Qf3 Qb7
36. d5 Nxc4 37. Rxc4 Rf7 (37... exd5 38. Qxd5 Qxd5 39. Rxd5 $18) 38. Rf4 Rgf8
39. Qg4 Rf5 40. Rxf5 (40. Qg6) 40... exf5 41. Qf4 $6 ({Das Eindringen von
Schwerfiguren tief ins gegnerische Lager ist eine der maechtigsten Waffen im
Schach. Es ist darum schwer nachzuvollziehen, warum sich Weiss hier nicht fuer
das simple} 41. Qg6 $1 {entscheidet.}) 41... Qe7 42. Rd2 (42. Qxh6 $1) 42...
Re8 43. Qxf5+ ({oder} 43. d6 $1 Qd7 44. Qf3) 43... Kb7 44. Bf4 Qe1 45. Qd7+ Ka8
46. Qc6# 1-0

[Event "FSV-ch 2010"]
[Site "Dortmund"]
[Date "2010.05.06"]
[Round "4.16"]
[White "Strotmann, Dieter"]
[Black "Dite, Alexander"]
[Result "0-1"]
[WhiteElo "1269"]
[BlackElo "1598"]
[PlyCount "66"]
[EventDate "2010.??.??"]

1. Nf3 d5 2. d4 Nf6 3. g3 e6 4. Bg2 c5 5. b3 Nc6 6. O-O Be7 7. Bb2 O-O 8. Nbd2
b5 9. c4 bxc4 10. bxc4 Rb8 11. cxd5 Nxd5 12. Rb1 Nxd4 13. Nxd4 cxd4 14. Bxd4
Rxb1 15. Qxb1 Nf4 $1 16. Be3 Nxg2 (16... Nxe2+) 17. Kxg2 Ba6 18. Re1 Qa5 19.
Nb3 Qh5 20. Nd4 Bc5 21. Qb2 Rd8 22. Rc1 $4 Bxd4 23. Bxd4 Qd5+ $19 24. f3 Qxd4
25. Qxd4 Rxd4 26. Rc6 Ra4 27. Rc7 g5 28. Rxa7 Rxa2 29. Kh3 e5 30. Ra8+ Kg7 31.
Kg4 h6 32. Kh5 Bc4 ({Eine Bilderbuchkombination war} 32... Bxe2 $3 33. Rxa2
Bxf3+ 34. g4 Be4 35. Ra6 Bg6+ 36. Rxg6+ fxg6#) 33. Rc8 Bxe2 0-1

[Event "FSV-ch 2010"]
[Site "Dortmund"]
[Date "2010.05.06"]
[Round "4.17"]
[White "Krüger, Inge"]
[Black "Dieckmann, Rudolf"]
[Result "0-1"]
[WhiteElo "1328"]
[BlackElo "1541"]
[PlyCount "58"]
[EventDate "2010.??.??"]

1. d4 d5 2. c4 e6 3. Nc3 dxc4 4. Nf3 c5 5. e3 Nc6 6. Bxc4 cxd4 7. exd4 a6 8.
O-O b5 9. Be2 Nf6 10. a3 Ra7 11. b4 Rd7 12. Bb2 Nxd4 13. Nxd4 Rxd4 14. Qb3 Rd2
15. Bc1 Rd7 16. Bf3 Qc7 17. Bb2 Be7 18. Rac1 Qb6 19. Ne4 O-O 20. Be5 Nd5 21.
Nc5 Rdd8 22. Rfd1 Bxc5 23. bxc5 Qc6 24. Bd6 Rfe8 25. Bxd5 exd5 26. Qxd5 $4 Re1+
$1 {Gut gesehen!} 27. Rxe1 Qxd5 28. Rcd1 Qc6 29. Re7 Bb7 {Weiss gab auf.} ({
Zu einer schoenen "Retourkutsche" fuehrte dagegen} 29... Qxc5 $4 30. Re8+ $1
Rxe8 31. Bxc5 $17) 0-1

[Event "FSV-ch 2010"]
[Site "Dortmund"]
[Date "2010.05.06"]
[Round "4.18"]
[White "Benke, Werner"]
[Black "Kirmes, Hans-Uwe"]
[Result "1-0"]
[WhiteElo "1552"]
[BlackElo "1333"]
[PlyCount "40"]
[EventDate "2010.??.??"]

1. e4 c5 2. Nf3 e6 3. d4 cxd4 4. Nxd4 Bc5 5. c3 Qb6 6. b3 Nc6 7. Be3 Nxd4 8.
Bxd4 Bxd4 9. Qxd4 Qxd4 10. cxd4 Nf6 11. Bd3 O-O 12. Nc3 a6 13. O-O d6 14. f4
Nd7 15. h3 Rd8 16. Rf2 Nb6 17. Rc1 d5 18. e5 Bd7 19. Rcf1 Rf8 20. g4 f6 {
Die Partie ist nicht weiter rekonstruierbar. Beide Notationen sind vollkommen
falsch.} 1-0

[Event "FSV-ch 2010"]
[Site "Dortmund"]
[Date "2010.05.06"]
[Round "4.20"]
[White "Maffei, Hendrik"]
[Black "Gennat, Egon L"]
[Result "0-1"]
[WhiteElo "1209"]
[BlackElo "1372"]
[PlyCount "66"]
[EventDate "2010.??.??"]

1. Nf3 Nf6 2. g3 g6 3. Bg2 Bg7 4. d3 d5 5. Bg5 h6 6. Bxf6 Bxf6 7. O-O Bxb2 8.
Nbd2 Bxa1 9. Qxa1 O-O 10. c4 c6 11. Qc1 Qd6 12. Nb3 Kh7 13. cxd5 cxd5 14. Nbd4
Bd7 15. h4 e5 16. Nb3 Na6 17. d4 f6 18. h5 gxh5 19. Nh4 Rac8 20. Qb1+ e4 21. f3
f5 22. fxe4 dxe4 23. Bh3 Qxg3+ 24. Bg2 Qxh4 25. Nc5 Nxc5 26. dxc5 Bc6 27. e3
Qg4 28. Rf4 Qg5 29. a4 Rg8 30. Qa2 Bxa4 31. c6 Rxc6 32. Qb2 Rc2 33. Qxb7+ Rg7
0-1

[Event "FSV-ch 2010"]
[Site "Dortmund"]
[Date "2010.05.06"]
[Round "4.21"]
[White "Vogt, Christian"]
[Black "Pfeffer, Josef"]
[Result "0-1"]
[WhiteElo "1374"]
[BlackElo "1142"]
[PlyCount "79"]
[EventDate "2010.??.??"]

1. d4 d5 2. c4 dxc4 3. Nf3 e6 4. Nc3 c6 5. a4 a5 6. Ne5 Be7 7. Nxc4 Nf6 8. Bf4
Bb4 9. Qd3 Nd5 10. Bg3 O-O 11. e3 Nxc3 12. bxc3 Be7 13. Rb1 Nd7 14. Be2 Ra6 15.
Qc2 Nb6 16. Ne5 Ra8 17. Bd3 g6 18. O-O Bf6 19. e4 Nd7 20. Nc4 Bh4 21. Bd6 Be7
22. Rb2 Bxd6 23. Nxd6 b6 24. Rfb1 Ba6 25. Nc4 Bxc4 26. Bxc4 Qe7 27. Qe2 Rae8
28. Ba6 Rb8 29. h3 Qd8 30. Qc4 Qc7 31. Bb5 Rfc8 32. Ba6 Rf8 33. Qe2 Rbe8 34.
Bd3 Qd8 35. Qc2 Qc7 36. c4 Rb8 37. Be2 Rfc8 38. Qd2 Kg7 39. Qg5 Re8 40. Bg4 {
und Weiss ueberschritt mit seinem 40. Zug die Zeit ...} 0-1

[Event "FSV-ch 2010"]
[Site "Dortmund"]
[Date "2010.05.06"]
[Round "4.22"]
[White "Schlepütz, Volker"]
[Black "Skalweit, Wolfgang"]
[Result "0-1"]
[WhiteElo "1185"]
[BlackElo "1343"]
[PlyCount "74"]
[EventDate "2010.??.??"]

1. d4 d5 2. c4 dxc4 3. e3 Nf6 4. Nc3 e6 5. Bxc4 a6 6. Qf3 c6 7. Bd2 Bd6 8. Nh3
Qc7 9. g3 b5 10. Bd3 Nbd7 11. Ne4 h6 12. Nxd6+ Qxd6 13. a3 a5 14. b4 a4 15. Bc3
Rb8 16. e4 e5 17. dxe5 Nxe5 18. Bxe5 Qxe5 19. O-O Bxh3 20. Rfc1 O-O 21. Ra2 Be6
22. Rac2 Bd7 23. Kh1 Rfe8 24. Rc5 Qb2 25. R5c3 Qd2 26. R1c2 Qg5 27. Re2 Bg4 28.
Qe3 Bxe2 29. Qxe2 Re6 30. f4 Qg4 31. Qe1 Rd8 32. Qf1 Nxe4 33. Be2 Qf5 34. g4
Qf6 35. Rc2 Qd4 36. Bf3 Nd2 37. Qg2 Re1+ 0-1

[Event "FSV-ch 2010"]
[Site "Dortmund"]
[Date "2010.05.06"]
[Round "4.23"]
[White "Wangrin, Stefan A"]
[Black "Herrmann, Rudolf"]
[Result "0-1"]
[WhiteElo "1077"]
[BlackElo "1272"]
[PlyCount "120"]
[EventDate "2010.??.??"]

1. c4 Nf6 2. d4 e6 3. Nc3 a6 4. a4 Bb4 5. Bd2 O-O 6. e3 Re8 7. Nf3 d5 8. Ne5 c5
9. Nb1 Nc6 10. Nxc6 bxc6 11. dxc5 Bxc5 12. b4 Bd6 13. Bd3 e5 14. cxd5 cxd5 15.
O-O e4 16. Bc2 Qb6 17. Qe1 Qc7 18. Bb3 Bxh2+ 19. Kh1 Be5 20. Bc3 Bb7 21. f3
exf3 22. Rxf3 d4 23. Rh3 dxc3 24. Bc2 Qc6 25. e4 Qc4 26. Nxc3 Qxc3 27. Rxc3
Bxc3 28. Qxc3 Rac8 29. Qd2 Nxe4 30. Bxe4 Bxe4 31. Rd1 Rc2 32. Qg5 Rxg2 33. Qxg2
Bxg2+ 34. Kxg2 h5 35. b5 axb5 36. axb5 Rb8 $2 (36... Re2+ $1 37. Kf3 Rb2 $1 {
Tuerme gehoeren h-i-n-t-e-r Freibauern!}) 37. Rb1 Kf8 38. Kf3 Ke7 39. Ke4 Ke6
40. Kd4 Kd6 41. Kc4 Rc8+ 42. Kb4 Kc7 43. Re1 Kb7 44. Re5 g6 45. Ka5 Rc7 46. Rd5
h4 47. Rd6 h3 48. Rd2 g5 49. Rf2 g4 50. Rh2 f5 51. Kb4 f4 52. Ka5 f3 53. b6
Rc5+ 54. Kb4 Kxb6 55. Rb2 Rb5+ 56. Kc3 Rxb2 57. Kd3 h2 58. Ke3 f2 59. Kf4 f1=Q+
60. Kg3 Rg2+ 0-1

[Event "FSV-ch 2010"]
[Site "Dortmund"]
[Date "2010.05.06"]
[Round "4.24"]
[White "Griese, Andreas"]
[Black "Tekin, Baran"]
[Result "0-1"]
[WhiteElo "1172"]
[BlackElo "1336"]
[PlyCount "56"]
[EventDate "2010.??.??"]

1. d4 Nf6 2. c4 g6 3. Nf3 Bg7 4. Nc3 O-O 5. e3 d6 6. Be2 Nbd7 7. O-O e5 8. dxe5
Nxe5 9. Nxe5 dxe5 10. e4 Kh8 11. Bg5 h6 12. Bh4 g5 13. Bg3 Ng8 14. Qxd8 Rxd8
15. Rad1 Be6 16. b3 c6 17. h4 Rd4 18. hxg5 hxg5 19. f3 Rad8 20. Kf2 f6 21. Ke1
Bf8 22. Rh1+ Kg7 23. Kf1 Ba3 24. Bf2 Rxd1+ 25. Bxd1 Bb4 26. Ke2 Bxc3 27. Be3
Ne7 28. g4 Ng6 0-1

[Event "FSV-ch 2010"]
[Site "Dortmund"]
[Date "2010.05.06"]
[Round "4.28"]
[White "Stabi, Sabrina"]
[Black "Beckers, Jürgen"]
[Result "0-1"]
[WhiteElo "740"]
[BlackElo "1381"]
[PlyCount "64"]
[EventDate "2010.??.??"]

1. e4 e5 2. Nf3 Nc6 3. Nc3 Nf6 4. d3 d5 5. Bg5 Be7 6. Be2 d4 7. Nb1 O-O 8. Nbd2
Nh5 9. Bxe7 Qxe7 10. Nxe5 Nf4 11. g3 Qxe5 12. Nf3 Qa5+ 13. Nd2 Nxe2 14. Qxe2 f5
15. f3 Qc5 16. O-O-O Be6 17. a3 Rae8 18. g4 fxg4 19. fxg4 Ne5 20. h3 Rf7 21. g5
g6 22. Rdf1 Ref8 23. h4 Rxf1+ 24. Rxf1 Bg4 25. Qh2 Rxf1+ 26. Nxf1 Nxd3+ 27. Kb1
Ne5 28. Nd2 Nf3 29. Nxf3 Bxf3 30. e5 Bd5 31. Kc1 d3 32. c3 Qe3+ 0-1

[Event "FSV-ch 2010"]
[Site "Dortmund"]
[Date "2010.05.06"]
[Round "4.30"]
[White "Riepe, Markus"]
[Black "Saparantzki, Christian"]
[Result "1-0"]
[WhiteElo "828"]
[BlackElo "758"]
[PlyCount "37"]
[EventDate "2010.??.??"]

1. e4 e6 2. Nc3 Nf6 3. d3 d5 4. e5 Ng4 5. Qxg4 Nc6 6. Nf3 f6 7. exf6 gxf6 8.
Qh5+ Kd7 9. d4 b6 10. Bd3 Bb7 11. O-O Qe7 12. Qh3 Re8 13. Nxd5 Qf7 14. Bb5 Kd8
15. Ne3 Re7 16. Rd1 e5 17. dxe5+ Ke8 18. Bxc6+ Bxc6 19. Qc8# 1-0